000 02472nam0a2200373 4500
001 RU\NLR\BIBL_A\011349272
005 20170424094057.0
010 _a978-5-00045-392-6
_9100
021 _aRU
_b2017-10568
_9779
035 _a(NLR Aleph) 011349272
090 _a11235938
_c11235938
100 _a20170320d2016 km y0rusy50 ca
101 0 _arus
_aeng
102 _aRU
105 _aab||z|||000zy
200 1 _aБаза данных прироста годичных колец сосны обыкновенной в сфагновых сосняках лесной зоны России
_dDatabase of tree ring growth rates in scots pine growing in the sphagnum pine forestes of the Russian forest zone
_fВ.А. Липаткин, С.Б. Пальчиков, Н.В. Ловелиус, А.В. Черакшев
_gМоск. гос. ун-т леса [и др.]
_zeng
210 _aСанкт-Петербург
_cАстерион
_d2016
215 _a109 с.
_cил., карт.
_d21
300 _aНа 4-й с. обл. авт.: В.А. Липаткин, к.б.н., проф., С.Б. Пальчиков, к.с.-х.н., доц., Н.В. Ловелиус, д.б.н., проф.А.В. Черакшев
300 _aВ надзаг. также: Науч.-образоват. эксперт.-аналит. центр исслед. древес. растений МГУЛ, Некоммер. партнёрство Стратегический Альянс "Здоровый лес", Петр. акад. наук и искусств
300 _aТекст парал на рус. и англ. яз.
320 _aБиблиогр.: с. 52-56 (56 назв.), 104-109 (56 назв.)
510 1 _aDatabase of tree ring growth rates in scots pine growing in the sphagnum pine forestes of the Russian forest zone
_zeng
606 1 _aГодичные кольца сосны
_xПрирост
_xБазы данных
_yРоссийская Федерация
_2nlr_sh2
_3RU\NLR\AUTH\6601613900
686 1 _aП381.1-275(2Р)Ф1
701 1 _aЛипаткин
_bВ. А.
_gВладимир Александрович
701 1 _aПальчиков
_bС. Б.
_gСергей Борисович
701 1 _aЛовелиус
_bН. В.
_f1935-
_gНиколай Владимирович
701 1 _aЧеракшев
_bА. В.
_gАндрей Васильевич
942 _cBOOK
980 _aNBR
980 _aNB